000 00721nam a2200253Ia 4500
003 OSt
005 20220927105404.0
006 a|||||r|||| 00| 0
007 ta
008 220926b |||||||| |||| 00| 0 eng d
020 _a9789211170375
024 _a190732
037 _cReference Collections
040 _aRTL
_cRTL
_beng
041 _2eng
_aeng
082 _a"X:75.5s, UN"
110 _aUNITED NATIONS ECONOMIC COMMISSION FOR EUROPE
245 0 _aUNECE countries in figures 2011.
260 _aNew
_bYork United Nations
_c2011
300 _a138p
_ccm.
700 _aUNITED NATIONS ECONOMIC COMMISSION FOR EUROPE
942 _h"X:75.5s, UN"
_cCC
999 _c692262
_d692262